000
00259nam a22001217a 4500
041
_a
ENG
100
_a
Kelley D.S
245
_a
Pro/Engineer Instructor
260
_a
Delhi
_b
Tata McGraw Pub
_c
1999
300
_a
5554
650
_a
Computer
856
_u
Computer
999
_c
730
_d
730